Rabon Sing Kharsuka kum u nongpyrsad mynsiem ki poitri khasi (Record no. 42453)
[ view plain ]
| 000 -LEADER | |
|---|---|
| fixed length control field | 00487nam a2200133 4500 |
| 082 ## - DEWEY DECIMAL CLASSIFICATION NUMBER | |
| Classification number | 895.931 |
| Item number | KHA/WAR |
| 100 ## - MAIN ENTRY--PERSONAL NAME | |
| Personal name | Warjri, Pdianghun |
| 245 ## - TITLE STATEMENT | |
| Title | Rabon Sing Kharsuka kum u nongpyrsad mynsiem ki poitri khasi |
| Statement of responsibility, etc. | by Pdianghun, Warjri |
| 260 ## - PUBLICATION, DISTRIBUTION, ETC. | |
| Place of publication, distribution, etc. | Shillong |
| Name of publisher, distributor, etc. | NEHU |
| Date of publication, distribution, etc. | 1995 |
| 300 ## - PHYSICAL DESCRIPTION | |
| Extent | ii, 49p.; 28cm. |
| 500 ## - GENERAL NOTE | |
| General note | NEHU, Department of Khasi : M.A. dissertation, 1995 |
| 650 ## - SUBJECT ADDED ENTRY--TOPICAL TERM | |
| Topical term or geographic name entry element | Kharsuka,Rabon Sing --Poetry--Criticism and interpretation |
| 650 ## - SUBJECT ADDED ENTRY--TOPICAL TERM | |
| Topical term or geographic name entry element | Khasi poetry--History and criticism |
| Withdrawn status | Lost status | Damaged status | Not for loan | Collection code | Home library | Current library | Date acquired | Total Checkouts | Full call number | Barcode | Date last seen | Price effective from | Koha item type |
|---|---|---|---|---|---|---|---|---|---|---|---|---|---|
| UNIV. PUB. & THESIS | North Eastern Hill University | North Eastern Hill University | 24/11/2011 | 895.931 KHA/WAR | 102925 | 24/11/2011 | 24/11/2011 | Books |
